Quà tặng diệu kỳ

保存先:
書誌詳細
第一著者: Johnson, Spencer
その他の著者: Nguyễn, Thị Kim Nhung (dịch), Nguyễn, Văn Phước (dịch)
フォーマット: 図書
言語:Vietnamese
出版事項: Tp. Hồ Chí Minh Nxb. Tổng hợp Tp. Hồ Chí Minh 2007
主題:
タグ: タグ追加
タグなし, このレコードへの初めてのタグを付けませんか!
Thư viện lưu trữ: Trung tâm Học liệu Lê Vũ Hùng, Trường Đại học Đồng Tháp
LEADER 01004aam a22002898a 4500
001 00028478
005 20171026081025.0
008 120328s2007 ||||||viesd
020 |c 14000 
041 0 # |a vie 
082 1 4 |a 158.1  |b Q501T 
100 1 # |a Johnson, Spencer 
245 1 0 |a Quà tặng diệu kỳ  |c Spencer Johnson; Nguyễn Văn Phước, Nguyễn Thị Kim Nhung dịch 
246 0 1 |a The present 
260 # # |a Tp. Hồ Chí Minh  |b Nxb. Tổng hợp Tp. Hồ Chí Minh  |c 2007 
300 # # |a 135tr.  |c 21cm. 
500 # # |a Ban biên dịch First news 
653 # # |a Công tác xã hội 
653 # # |a Hạnh phúc 
653 # # |a Hạt giống tâm hồn 
653 # # |a Thành công 
700 1 # |a Nguyễn, Thị Kim Nhung  |e dịch 
700 1 # |a Nguyễn, Văn Phước  |e dịch 
852 # # |b Kho đọc  |j KD.0012716 
852 # # |j KD.0012716 
910 |d 28/03/2012 
980 # # |a Trung tâm Học liệu Lê Vũ Hùng, Trường Đại học Đồng Tháp